| 000 | 01328cad a22002415a 4500 | ||
|---|---|---|---|
| 001 | L156973 | ||
| 008 | 120803s2012 xxk 000 0 eng d | ||
| 035 | _a(Sirsi) u156973 | ||
| 041 | 0 | _aeng | |
| 100 | 1 | _aWalker, Sophie | |
| 245 | 0 | 0 |
_aGold, silver or bronze? _bsustainable development and regeneration - has London done enough? |
| 260 |
_aLondon _bJLL _c2012 |
||
| 490 | 0 |
_aJones Lang LaSalle Advance Series _vJuly 2012 |
|
| 520 | _aUpdates the 2009 Jones Lang LaSalle report "From green to gold" which examined the impact that the London 2012 Olympics project was having on sustainability, regeneration and property. Assesses whether London in 2012 has succeeded in moving the case forward for sustainable sporting-led regeneration schemes. Proposes the Jones Lang Lasalle catalysts for sustainable neighbourhood development as a more comprehensive framework for sustainability best practice in development and regeneration projects. | ||
| 590 | _aKA NTK | ||
| 651 | 4 | _aLondon | |
| 690 |
_aPlanning and development _96259 |
||
| 690 |
_aSustainability _96271 |
||
| 700 | 1 | _aKopec, Katie | |
| 700 | 1 | _aElliott, Lee | |
| 856 | 4 | 0 |
_uhttps://www.joneslanglasalle.co.uk/MediaResources/EU/Marketing/UnitedKingdom/Olympics/JLL_UK_Gold_Silver_or_Bronze_Report.pdf _zView the report at www.joneslanglasalle.co.uk |
| 942 | _n0 | ||
| 999 |
_c84215 _d84215 |
||